000 00253nam a2200109Ia 4500
008 240625s9999 xx 000 0 und d
041 _aeng
082 _a657 SHA
100 _aSHAH PARESH
245 _aFINANCIAL ACCOUNTING FOR MANAGEMENT
260 _c2013
999 _c38155
_d38155